IR 90 - Genève-Brig - Statistiques

Statistiques générales
  • Ce quiz a été pris 95 fois
  • Le résultat moyen est 10 sur 12
Statistiques - réponses
Réponse % Correct
Brigue/Brig
97%
Genève
97%
Lausanne
96%
Montreux
94%
Genève aéroport
92%
Martigny
90%
Sion
90%
Vevey
89%
Sierre/Siders
86%
Aigle
78%
Viège/Visp
67%
St-Maurice
65%
Aucun quiz correspondant
Distribution des résultats
% des personnes avec chaque résultat
Percentile par nombre de réponses
Votre historique - résultats
Vous n’avez pas pris ce quiz